000 00665nam a2200241 i 4500
001 C2-0286754
003 PPAK
005 20180728020138.0
008 080129s2006 enka|||| ||||| | eng d
020 _a1845731042
040 _aPPAK
_beng
_cPPAK
_erda
082 0 4 _a641.5638
_223
090 0 0 _a641.5638
_bMOR
_dR
100 1 _aMorgan, Paul,
_eauthor
245 1 0 _aLow carb cookbook
264 1 _aLondon :
_bAn Oceana Book ,
_c2006
300 _a127 pages :
_bcolour illustrations ;
_c28 cm
336 _2rdacontent
_atext
337 _2rdamedia
_aunmediated
338 _2rdacarrier
_avolume
650 1 0 _aLow - Carbohydrate diet - Recipes
942 _ddc
_cB
999 _c92476
_d92476